Volcano (Record no. 16765)

MARC details
000 -LEADER
fixed length control field 03015ngm a2200481 4500
003 - CONTROL NUMBER IDENTIFIER
control field dpl
005 - DATE AND TIME OF LATEST TRANSACTION
control field 20080723110517.0
007 - PHYSICAL DESCRIPTION FIXED FIELD--GENERAL INFORMATION
fixed length control field DVD
008 - FIXED-LENGTH DATA ELEMENTS--GENERAL INFORMATION
fixed length control field ||||||sp199 xxu|||||c|||| 00| 0 eng d
010 ## - LIBRARY OF CONGRESS CONTROL NUMBER
LC control number DVD-000957-959 & DVD-005548-5552
024 ## - OTHER STANDARD IDENTIFIER
Standard number or code 6039
Terms of availability 499.00 , 299.00 (Revised Price)
035 ## - SYSTEM CONTROL NUMBER
System control number DVD-000957-959
035 ## - SYSTEM CONTROL NUMBER
System control number DVD-05548-5552
040 ## - CATALOGING SOURCE
Original cataloging agency DPL
Transcribing agency DPL
082 ## - DEWEY DECIMAL CLASSIFICATION NUMBER
Classification number DVD / VOLC
245 ## - TITLE STATEMENT
Title Volcano
Statement of responsibility, etc 20th Century Fox Presents
Medium [videorecording] DVD/
260 ## - PUBLICATION, DISTRIBUTION, ETC. (IMPRINT)
Name of publisher, distributor, etc 20th Century Fox Home Entertainment
300 ## - PHYSICAL DESCRIPTION
Extent 2 videodisc DVD; (100 min.) :
Other physical details sd., col. ;
Dimensions 4 3/4 in.
Type of unit DVD
440 ## - SERIES STATEMENT/ADDED ENTRY--TITLE
Title 20th Centyry Fox Home Entertainment
500 ## - GENERAL NOTE
General note Sole Distributor in India M/s. Excel Productions Autio Visuals Pvt. Ltd.
500 ## - GENERAL NOTE
General note This DVD is Copy Protected
538 ## - SYSTEM DETAILS NOTE
System details note Dolby Digital 5.1-English, Thai Subtitles: English, Thai
538 ## - SYSTEM DETAILS NOTE
System details note Aspect Ratio: .1.85:1, Presentation type: Wide Screen, Presentation Size 16x9, Format DVD 9 Dual Layer Single Sided Disc.
650 ## - SUBJECT ADDED ENTRY--TOPICAL TERM
Topical term or geographic name as entry element Motion Picture
700 ## - ADDED ENTRY--PERSONAL NAME
Personal name Lee Jones, Tommy
700 ## - ADDED ENTRY--PERSONAL NAME
Personal name Jackson, Mick
700 ## - ADDED ENTRY--PERSONAL NAME
Personal name Heche, Anne
700 ## - ADDED ENTRY--PERSONAL NAME
Personal name Hoffmann, Gaby
700 ## - ADDED ENTRY--PERSONAL NAME
Personal name Cheadle, Don
700 ## - ADDED ENTRY--PERSONAL NAME
Personal name David, Keith
700 ## - ADDED ENTRY--PERSONAL NAME
Personal name Silvestri, Alan
942 ## - ADDED ENTRY ELEMENTS (KOHA)
Koha item type CD-ROMs, DVDs, VHS
Source of classification or shelving scheme Dewey Decimal Classification
Classification part DVD
Call number suffix VOLC
Holdings
Withdrawn status Lost status Source of classification or shelving scheme Damaged status Not for loan Home library Current library Date acquired Source of acquisition Cost, normal purchase price Total Checkouts Total Renewals Full call number Barcode Date last seen Date checked out Copy number Cost, replacement price Price effective from Koha item type
    Dewey Decimal Classification     Central Library Central Library 15/10/2008 Purchase 499.00 44 3 DVD VOLC DVD-000957 11/04/2014 01/04/2014 1 499.00 15/10/2008 CD-ROMs, DVDs, VHS
    Dewey Decimal Classification     Janak Puri Janak Puri 18/12/2009 Pioneers/885/29-10-09/325/13-10-09 /06-11-09 299.00 24 1 DVD VOLC DVD-005548 30/10/2013 15/10/2013 1 299.00 18/12/2009 CD-ROMs, DVDs, VHS
    Dewey Decimal Classification     Karol Bagh Karol Bagh 18/12/2009 Pioneers/885/29-10-09/325/13-10-09 /06-11-09 299.00 16   DVD VOLC DVD-005551 23/12/2014 08/12/2014 1 299.00 18/12/2009 CD-ROMs, DVDs, VHS
    Dewey Decimal Classification     Narela Narela 18/12/2009 Pioneers/885/29-10-09/325/13-10-09 /06-11-09 299.00 10   DVD VOLC DVD-005552 18/03/2014 15/03/2014 1 299.00 18/12/2009 CD-ROMs, DVDs, VHS
    Dewey Decimal Classification     Patel Nagar Patel Nagar 15/10/2008 Purchase 499.00 23   DVD VOLC DVD-000959 30/04/2016 20/03/2014 1 499.00 15/10/2008 CD-ROMs, DVDs, VHS
    Dewey Decimal Classification     R.K.Puram-8 R.K.Puram-8 18/12/2009 Pioneers/885/29-10-09/325/13-10-09 /06-11-09 299.00 4   DVD VOLC DVD-005549 04/05/2016 03/05/2016 1 299.00 18/12/2009 CD-ROMs, DVDs, VHS
    Dewey Decimal Classification     Sarojini Nagar Sarojini Nagar 15/10/2008 Purchase 499.00 33   DVD VOLC DVD-000958 01/05/2017 15/04/2017 1 499.00 15/10/2008 CD-ROMs, DVDs, VHS
    Dewey Decimal Classification     Vinoba Puri Vinoba Puri 18/12/2009 Pioneers/885/29-10-09/325/13-10-09 /06-11-09 299.00 15 1 DVD VOLC DVD-005550 12/05/2016 11/05/2016 1 299.00 18/12/2009 CD-ROMs, DVDs, VHS

© Delhi Public Library
Hit Counter
free hit counter